Game development 2042 : (Record no. 31170)
[ view plain ]
| 000 -LEADER | |
|---|---|
| fixed length control field | 01713nam a2200313 i 4500 |
| 001 - CONTROL NUMBER | |
| control field | ybp18084709sb |
| 003 - CONTROL NUMBER IDENTIFIER | |
| control field | EG-ScBUE |
| 005 - DATE AND TIME OF LATEST TRANSACTION | |
| control field | 20260406095257.0 |
| 008 - FIXED-LENGTH DATA ELEMENTS--GENERAL INFORMATION | |
| fixed length control field | 220607s2023 fluab f b 001 0 eng d |
| 020 ## - INTERNATIONAL STANDARD BOOK NUMBER | |
| Cancelled/invalid ISBN | 9781032272054 |
| 040 ## - CATALOGING SOURCE | |
| Original cataloging agency | NhCcYBP |
| Language of cataloging | eng |
| Description conventions | rda |
| Transcribing agency | NhCcYBP |
| Modifying agency | EG-ScBUE |
| 082 04 - DEWEY DECIMAL CLASSIFICATION NUMBER | |
| Classification number | 794.80112 |
| Edition number | 22 |
| Item number | FIE |
| 100 1# - MAIN ENTRY--PERSONAL NAME | |
| Personal name | Fields, Tim, |
| Relator term | author. |
| 245 10 - TITLE STATEMENT | |
| Title | Game development 2042 : |
| Remainder of title | the future of game design, development, and publishing / |
| Statement of responsibility, etc | Tim Fields. |
| 246 3# - VARYING FORM OF TITLE | |
| Title proper/short title | Game development twenty forty-two |
| 246 3# - VARYING FORM OF TITLE | |
| Title proper/short title | Game development two thousand forty-two |
| 250 ## - EDITION STATEMENT | |
| Edition statement | First edition. |
| 264 #1 - PUBLICATION, DISTRIBUTION, ETC. (IMPRINT) | |
| Place of publication, distribution, etc | Boca Raton, FL : |
| Name of publisher, distributor, etc | CRC Press, |
| Date of publication, distribution, etc | 2023. |
| 300 ## - PHYSICAL DESCRIPTION | |
| Extent | xiv, 316 pages : |
| Other physical details | illustrations, map ; |
| Dimensions | 24 cm |
| 336 ## - CONTENT TYPE | |
| Content type term | text |
| Content type code | txt |
| Source | rdacontent |
| 337 ## - MEDIA TYPE | |
| Media type term | computer |
| Media type code | c |
| Source | rdamedia |
| 338 ## - CARRIER TYPE | |
| Carrier type term | online resource |
| Carrier type code | cr |
| Source | rdacarrier |
| 504 ## - BIBLIOGRAPHY, ETC. NOTE | |
| Bibliography, etc | Includes bibliographical references and index. |
| 545 0# - BIOGRAPHICAL OR HISTORICAL DATA | |
| Biographical or historical note | Tim Fields has been making and operating games and leading game publishing companies for more than 25 years. Along the way he has been a part of bringing games to life in franchises like Call of Duty, Halo, Marvel, Disney, Need for Speed, Fast and Furious, Transformers, Dungeons & Dragons, and many more, winning multiple Editor's Choice and other awards, and generated billions of dollars in earnings. This is his fifth book on the games industry. He recently served as the CEO of mobile game publisher Kabam and currently works at Wizards of the Coast, bringing beloved franchises to life as digital games.Tim also runs an AI focused research company called MainBrain.AI. |
| 650 #7 - SUBJECT ADDED ENTRY--TOPICAL TERM | |
| Topical term or geographic name as entry element | Video games |
| General subdivision | Forecasting. |
| Source of heading or term | BUEsh |
| 653 ## - INDEX TERM--UNCONTROLLED | |
| Arrived date list | April2026 |
| Resource For college | Arts and Design |
| 655 ## - INDEX TERM--GENRE/FORM | |
| Form subdivision | Reading book |
| 942 ## - ADDED ENTRY ELEMENTS (KOHA) | |
| Source of classification or shelving scheme | Dewey Decimal Classification |
| Koha item type | Book - Borrowing |
| Withdrawn status | Lost status | Source of classification or shelving scheme | Damaged status | Not for loan | Collection code | Home library | Current library | Shelving location | Date acquired | Source of acquisition | Cost, normal purchase price | Serial Enumeration / chronology | Total Checkouts | Full call number | Barcode | Date last seen | Cost, replacement price | Price effective from | Koha item type |
|---|---|---|---|---|---|---|---|---|---|---|---|---|---|---|---|---|---|---|---|
| Dewey Decimal Classification | Baccah | Central Library | Central Library | Second Floor | 06/04/2026 | Purchase | 3390.00 | 40179 | 794.80112 FIE | 000057584 | 06/04/2026 | 4237.50 | 06/04/2026 | Book - Borrowing |